Maior campeão nacional de cada país da CFA. - Statistics

Estatísticas Gerais
  • Esse quiz foi jogado 28 vezes
  • A pontuação média é 9 de 16
Estatísticas das Respostas
Títulos País Time % Correto
16 Teritá Millonarios
86%
10 Venezuela Caracas
81%
13 Napoleste Natal
76%
8 Baulirium Berga Motta
67%
16 Arcânia Rotta
67%
9 Coxipó Três Flores
67%
18 Dafison do Sul Confiança
62%
20 Porto Luz São Cristóvão Victorino
57%
1 Panéisa Amapá United, Athletic Portsmount e Guará
43%
15 Frísia Volendam
43%
12 Dafison Real Baronesa
38%
11 Kaiserty Rosenborg
38%
11 Cascadia Seattle Sounders
38%
23 Itaia Tiel Town United
38%
12 Princ SKP
33%
1 Santa Cruz Santa Cruz
24%
Nenhum quiz correspondente encontrado
Distribuição das Pontuações
Porcentagem de Pessoas com Cada Pontuação
Percentil de Números Respondidos
Sua Pontuação Histórica
Você não jogou esse quiz